NLSUI OPAC header image

Public infrastructure performance in developing countries : The case of electric power and telecommunications industries in Pakistan (Record no. 19965)

MARC details
000 -LEADER
fixed length control field 00837nam a2200217Ia 4500
003 - CONTROL NUMBER IDENTIFIER
control field OSt
005 - DATE AND TIME OF LATEST TRANSACTION
control field 20211018111754.0
008 - FIXED-LENGTH DATA ELEMENTS--GENERAL INFORMATION
fixed length control field 160316s2000 xxu||||| |||| 00| 0 eng d
020 ## - INTERNATIONAL STANDARD BOOK NUMBER
International Standard Book Number 9781840149258
040 ## - CATALOGING SOURCE
Transcribing agency n
082 ## - DEWEY DECIMAL CLASSIFICATION NUMBER
Classification number 333.793000
Item number GHA
100 ## - MAIN ENTRY--PERSONAL NAME
Personal name Ghaforr Abdul
245 ## - TITLE STATEMENT
Title Public infrastructure performance in developing countries : The case of electric power and telecommunications industries in Pakistan
260 ## - PUBLICATION, DISTRIBUTION, ETC.
Place of publication, distribution, etc. Aldershot
Name of publisher, distributor, etc. Ashgate
Date of publication, distribution, etc. 2000
300 ## - PHYSICAL DESCRIPTION
Extent 234p
Dimensions xix
365 ## - TRADE PRICE
Price amount Rs.4,100
650 ## - SUBJECT ADDED ENTRY--TOPICAL TERM
Topical term or geographic name entry element 1. Public Infrastructure Developing - Pakistan.2. Public Utilities - Pakistan.3. Public Utilities - Telecommunitation - Pakistan.
700 ## - ADDED ENTRY--PERSONAL NAME
Personal name
--
856 ## - ELECTRONIC LOCATION AND ACCESS
Uniform Resource Identifier <a href="https://www.google.co.in/books/edition/Public_Infrastructure_Performance_in_Dev/hFoPEAAAQBAJ?hl=en&gbpv=1&printsec=frontcover">https://www.google.co.in/books/edition/Public_Infrastructure_Performance_in_Dev/hFoPEAAAQBAJ?hl=en&gbpv=1&printsec=frontcover</a>
942 ## - ADDED ENTRY ELEMENTS (KOHA)
Source of classification or shelving scheme Dewey Decimal Classification
Koha item type BOOKs
Holdings
Withdrawn status Lost status Damaged status Not for loan Home library Current library Shelving location Date acquired Cost, normal purchase price Total Checkouts Full call number Barcode Date last seen Price effective from Koha item type
        . .   30.05.2017 4100.00   333.793 GHA 18134 30.05.2017 30.05.2017 BOOKs